000 00435ntaaa2200169 4500
003 01
005 20251027201602.0
008 0714s1973 ag 01
040 _aAR-BaBN
_bspa
_cAR-BaBN
_eaacr
_dRIC
082 _a230.0000 Ow4
100 _aOwnbey, Richard L.
_914491
245 _aChristian's Religion; its meaning and mission.
250 _a1 ed. :
_bCokesbury Press,
_cc/932
300 _a178 p.
650 _aTeologĂ­a
942 _cBK
999 _c10457
_d10457